Normal view
MARC view
Entry Topical Term
001 - CONTROL NUMBER
- control field: 9257
003 - CONTROL NUMBER IDENTIFIER
- control field: BD-RjUL
005 - DATE AND TIME OF LATEST TRANSACTION
- control field: 20230927110612.0
008 - FIXED-LENGTH DATA ELEMENTS
- fixed length control field: 230927|| aca||aabn | a|a d
040 ## - CATALOGING SOURCE
- Original cataloging agency: BD-RjUL
- Transcribing agency: BD-RjUL
150 ## - HEADING--TOPICAL TERM
- Topical term or geographic name entry element: Short stories,
- Geographic subdivision: Russian
670 ## - SOURCE DATA FOUND
- Source citation: Work cat.: (BD-RjUL)82007: انصاري, ظ Ansari, Z 9255, :پوشکن Pushkin /, 1976